[Event "4. Copenhagen Open Politiken Cup"]
[Site "Brndby"]
[Date "1982.??.??"]
[Round "6"]
[White "Rosenlund, Thorbjorn"]
[Black "Zieher, Hartmut"]
[Result "0-1"]
[WhiteElo "2260"]
[BlackElo "2260"]
[PlyCount "72"]
[EventDate "1982.??.??"]
[EventType "swiss"]
[EventRounds "10"]
[EventCountry "DEN"]
[SourceDate "2004.01.01"]

1. d4 d5 2. Nf3 Nf6 3. c4 dxc4 4. e3 Bg4 5. Bxc4 e6 6. Nc3 a6 7. h3 Bh5 8. O-O
Nc6 9. Qe2 Bd6 10. Rd1 O-O 11. g4 Bg6 12. e4 Bb4 13. e5 Nd5 14. Ne4 Be7 15. h4
Nb6 16. Bb3 h5 17. g5 Bxe4 18. Qxe4 g6 19. Bxe6 Kg7 20. Bb3 Na5 21. Bc2 Qd5 22.
Bd2 Nc6 23. Qf4 Qe6 24. Bb3 Nd5 25. Bxd5 Qxd5 26. Bc3 Nd8 27. Nd2 Ne6 28. Qe3
Kh8 29. Ne4 Ng7 30. Ng3 Rad8 31. Rd2 Rd7 32. b3 Rfd8 33. Rad1 Kg8 34. Qd3 Ne6
35. Ne2 c5 36. dxc5 Qxd3 0-1

[Event "4. Copenhagen Open Politiken Cup"]
[Site "Brndby"]
[Date "1982.??.??"]
[Round "6"]
[White "Spassov, Liuben"]
[Black "Pliester, Leon"]
[Result "1/2-1/2"]
[WhiteElo "2410"]
[BlackElo "2315"]
[PlyCount "33"]
[EventDate "1982.??.??"]
[EventType "swiss"]
[EventRounds "10"]
[EventCountry "DEN"]
[SourceDate "2004.01.01"]

1. Nf3 d5 2. d4 e6 3. c4 c6 4. Nbd2 Nd7 5. e4 Bb4 6. Bd3 dxe4 7. Bxe4 Ngf6 8.
Bc2 O-O 9. O-O Bd6 10. Re1 b6 11. b3 Bb7 12. Bb2 Qc7 13. Ne4 Nxe4 14. Rxe4 Rfe8
15. Qd3 Nf8 16. Ne5 c5 17. Rh4 1/2-1/2

[Event "4. Copenhagen Open Politiken Cup"]
[Site "Brndby"]
[Date "1982.??.??"]
[Round "6"]
[White "Sznapik, Aleksander"]
[Black "Hansen, Curt"]
[Result "0-1"]
[WhiteElo "2440"]
[BlackElo "2335"]
[PlyCount "116"]
[EventDate "1982.??.??"]
[EventType "swiss"]
[EventRounds "10"]
[EventCountry "DEN"]
[SourceDate "2004.01.01"]

1. e4 Nf6 2. e5 Nd5 3. d4 d6 4. Nf3 Nc6 5. c4 Nb6 6. exd6 exd6 7. Be2 Be7 8.
O-O O-O 9. Nc3 Bg4 10. b3 Bf6 11. Be3 d5 12. c5 Nc8 13. h3 Be6 14. b4 a6 15. b5
axb5 16. Nxb5 N8a7 17. a4 b6 18. Rc1 Nxb5 19. axb5 Na5 20. cxb6 cxb6 21. Ne5
Qd6 22. Bd3 Rfc8 23. Ng4 Bxg4 24. Qxg4 Nc4 25. Bf4 Qd8 26. Rfe1 g6 27. Bg3 Ra3
28. Bf1 h5 29. Qd1 Bg7 30. Ra1 Rxa1 31. Qxa1 Nd2 32. Be5 Qg5 33. Qd1 Bxe5 34.
dxe5 Re8 35. Re3 d4 36. Rg3 Qf4 37. Rd3 Nxf1 38. Qxf1 Qxe5 39. Rf3 Qe1 40. g4
hxg4 41. hxg4 Qe4 42. Rg3 Rc8 43. Qd1 Rc2 44. Ra3 Re2 45. Kf1 Rb2 46. Qf3 Qxf3
47. Rxf3 Rxb5 48. Rf6 d3 49. Rd6 Rb3 50. Rd8+ Kg7 51. g5 Rb5 52. Rxd3 Rxg5 53.
Rd6 b5 54. Rb6 Re5 55. Kg2 Rf5 56. Kf1 Kf8 57. Rb7 Ke8 58. Ke2 Kd8 0-1

[Event "4. Copenhagen Open Politiken Cup"]
[Site "Brndby"]
[Date "1982.??.??"]
[Round "6"]
[White "Velikov, Petar"]
[Black "Davies, Nigel"]
[Result "1/2-1/2"]
[WhiteElo "2470"]
[BlackElo "2410"]
[PlyCount "38"]
[EventDate "1982.??.??"]
[EventType "swiss"]
[EventRounds "10"]
[EventCountry "DEN"]
[SourceDate "2004.01.01"]

1. c4 g6 2. Nc3 Bg7 3. g3 c5 4. Bg2 Nc6 5. a3 b6 6. b4 Bb7 7. bxc5 bxc5 8. Rb1
Rb8 9. Nh3 Ba8 10. Rxb8 Qxb8 11. Ne4 Na5 12. Qa4 Nf6 13. Qxa5 Nxe4 14. O-O O-O
15. Nf4 Qb6 16. Qxb6 axb6 17. d3 Nc3 18. Bd2 Bxg2 19. Kxg2 e6 1/2-1/2

[Event "4. Copenhagen Open Politiken Cup"]
[Site "Brndby"]
[Date "1982.??.??"]
[Round "6"]
[White "Wedberg, Tom"]
[Black "Gulbrandsen, Arne Vinje"]
[Result "1/2-1/2"]
[WhiteElo "2435"]
[BlackElo "2370"]
[PlyCount "79"]
[EventDate "1982.??.??"]
[EventType "swiss"]
[EventRounds "10"]
[EventCountry "DEN"]
[SourceDate "2004.01.01"]

1. d4 d5 2. c4 c6 3. Nf3 Nf6 4. Nc3 g6 5. e3 Bg7 6. h3 O-O 7. Be2 Ne4 8. Qb3 e6
9. Nxe4 dxe4 10. Nd2 e5 11. Nxe4 exd4 12. O-O Qe7 13. Ng3 f5 14. f4 Nd7 15.
exd4 Bxd4+ 16. Kh2 Nc5 17. Qa3 Re8 18. Rb1 Ne4 19. Qxe7 Rxe7 20. Bf3 Bd7 21.
Ne2 Bf6 22. Rd1 c5 23. Be3 Bc6 24. Rd3 Rae8 25. b4 b5 26. bxc5 bxc4 27. Ra3 Nc3
28. Nxc3 Bxf3 29. Bd2 Ba8 30. Ra6 Bd4 31. c6 Rc8 32. Rb4 Rxc6 33. Rxc6 Bxc6 34.
Rxc4 Bxc3 35. Bxc3 Bb7 36. Be5 Rd7 37. Bd4 a6 38. g4 fxg4 39. hxg4 Kf7 40. a3
1/2-1/2

[Event "4. Copenhagen Open Politiken Cup"]
[Site "Brndby"]
[Date "1982.??.??"]
[Round "7"]
[White "Boehm, Jurgen"]
[Black "Kopec, Danny"]
[Result "0-1"]
[WhiteElo "2250"]
[BlackElo "2375"]
[PlyCount "128"]
[EventDate "1982.??.??"]
[EventType "swiss"]
[EventRounds "10"]
[EventCountry "DEN"]
[SourceDate "2004.01.01"]

1. d4 Nf6 2. Nf3 b6 3. Bf4 Bb7 4. e3 g6 5. h3 Bg7 6. Nbd2 d6 7. Bc4 O-O 8. O-O
c5 9. c3 Nc6 10. Re1 Rc8 11. Qe2 Rc7 12. e4 cxd4 13. cxd4 Nh5 14. Be3 Nb4 15.
Rec1 d5 16. a3 dxe4 17. axb4 exf3 18. Nxf3 Bxf3 19. Qxf3 Bxd4 20. Bh6 Bg7 21.
Bxg7 Nxg7 22. b3 Nf5 23. Qc3 e6 24. Rd1 Rd7 25. Rxd7 Qxd7 26. b5 Nd4 27. Rd1
Rd8 28. Kh1 Qd6 29. Qe3 Qc5 30. Qf4 Kg7 31. Rd3 Qd6 32. Qg5 Rd7 33. Qe3 e5 34.
Qe4 f5 35. Qe3 Qf6 36. Rd1 e4 37. Qf4 Rd6 38. Ra1 Rd7 39. Qb8 Qe7 40. Qg8+ Kh6
41. Qb8 Nc2 42. Ra2 Nb4 43. Ra1 Nd3 44. Kg1 Ne5 45. Bf1 Nd3 46. Qg3 Qf6 47. Rd1
f4 48. Qg4 Ne5 49. Qe2 Qf5 50. Rxd7 Nxd7 51. Qa2 e3 52. Qxa7 exf2+ 53. Kxf2
Qc5+ 54. Ke1 Qc1+ 55. Ke2 Qe3+ 56. Kd1 Qxb3+ 57. Ke1 Qe3+ 58. Kd1 Nf6 59. Qc7
Qd4+ 60. Ke1 Qa1+ 61. Ke2 Nd5 62. Qd8 Qe5+ 63. Kd2 Qb2+ 64. Ke1 Qc1+ 0-1

[Event "4. Copenhagen Open Politiken Cup"]
[Site "Brndby"]
[Date "1982.??.??"]
[Round "7"]
[White "Cox, John J"]
[Black "Hjartarson, Johann"]
[Result "1/2-1/2"]
[WhiteElo "2285"]
[BlackElo "2425"]
[PlyCount "93"]
[EventDate "1982.??.??"]
[EventType "swiss"]
[EventRounds "10"]
[EventCountry "DEN"]
[SourceDate "2004.01.01"]

1. c4 c5 2. Nc3 g6 3. g3 Bg7 4. Bg2 Nc6 5. e3 Nh6 6. Nge2 Nf5 7. b3 d6 8. Bb2
Rb8 9. O-O Bd7 10. d3 h5 11. h3 a6 12. Qd2 b5 13. Ne4 Bxb2 14. Qxb2 O-O 15.
N2c3 Ne5 16. Qd2 bxc4 17. dxc4 Bc6 18. Kh2 Ba8 19. Rad1 Nd7 20. f4 a5 21. Qf2
Kg7 22. Ng5 Nb6 23. Bxa8 Rxa8 24. e4 Nd4 25. f5 Nd7 26. Nd5 Ne5 27. Rxd4 cxd4
28. Nxe7 Rh8 29. f6+ Kf8 30. Qxd4 a4 31. Rd1 h4 32. g4 axb3 33. axb3 Ke8 34.
Qd5 Ra5 35. c5 Rxc5 36. Qxc5 dxc5 37. Rxd8+ Kxd8 38. Nc6+ Nxc6 39. Nxf7+ Ke8
40. Nxh8 g5 41. Ng6 Kf7 42. Ne7 Nd4 43. Nf5 Nxb3 44. e5 Ke6 45. Ng7+ Kf7 46.
Nf5 Ke6 47. Ng7+ 1/2-1/2

[Event "4. Copenhagen Open Politiken Cup"]
[Site "Brndby"]
[Date "1982.??.??"]
[Round "7"]
[White "Ermenkov, Evgeny"]
[Black "Ravikumar, Vaidyanathan"]
[Result "1-0"]
[WhiteElo "2460"]
[BlackElo "2395"]
[PlyCount "57"]
[EventDate "1982.??.??"]
[EventType "swiss"]
[EventRounds "10"]
[EventCountry "DEN"]
[SourceDate "2004.01.01"]

1. e4 e6 2. d4 d5 3. Nd2 Nf6 4. e5 Nfd7 5. c3 c5 6. f4 Nc6 7. Ndf3 Be7 8. Bd3
Qa5 9. Ne2 b5 10. O-O g6 11. g4 b4 12. f5 gxf5 13. gxf5 bxc3 14. fxe6 fxe6 15.
bxc3 Nb6 16. Kh1 h6 17. Nf4 Kd8 18. Ng6 Rg8 19. Bxh6 Kc7 20. Nxe7 Nxe7 21. dxc5
Qxc5 22. Nd4 Nc4 23. Rf7 Rb8 24. Qf3 Rb2 25. Qf6 Rgg2 26. Bf4 Ne3 27. Qxe7+
Qxe7 28. Rxe7+ Bd7 29. Bxe3 1-0

[Event "4. Copenhagen Open Politiken Cup"]
[Site "Brndby"]
[Date "1982.??.??"]
[Round "7"]
[White "Ernst, Thomas"]
[Black "Sznapik, Aleksander"]
[Result "0-1"]
[WhiteElo "2355"]
[BlackElo "2440"]
[PlyCount "80"]
[EventDate "1982.??.??"]
[EventType "swiss"]
[EventRounds "10"]
[EventCountry "DEN"]
[SourceDate "2004.01.01"]

1. e4 c5 2. Nf3 e6 3. d4 cxd4 4. Nxd4 Nc6 5. Nb5 d6 6. c4 Nf6 7. N1c3 a6 8. Na3
Be7 9. Be2 O-O 10. O-O Bd7 11. Be3 b6 12. g4 Bc8 13. f4 Bb7 14. g5 Nd7 15. Qe1
Re8 16. Qg3 Bf8 17. f5 exf5 18. Rxf5 Nc5 19. Raf1 Ne5 20. R5f4 Re7 21. Bxc5
bxc5 22. Nd5 Bxd5 23. cxd5 Qe8 24. Qg2 Qa4 25. Nc4 Nxc4 26. b3 Qxa2 27. Bxc4
Qxg2+ 28. Kxg2 Raa7 29. Bd3 g6 30. h4 Bg7 31. Kh3 Reb7 32. Bc4 a5 33. R4f3 Rb4
34. Rc1 Be5 35. Kg4 a4 36. bxa4 Raxa4 37. Bd3 Ra2 38. Rc2 Ra1 39. Rcf2 h5+ 40.
Kh3 Rh1+ 0-1

[Event "4. Copenhagen Open Politiken Cup"]
[Site "Brndby"]
[Date "1982.??.??"]
[Round "7"]
[White "Gallmeyer, Peter"]
[Black "Brinck Claussen, Bjorn"]
[Result "1/2-1/2"]
[WhiteElo "2225"]
[BlackElo "2380"]
[PlyCount "62"]
[EventDate "1982.??.??"]
[EventType "swiss"]
[EventRounds "10"]
[EventCountry "DEN"]
[SourceDate "2004.01.01"]

1. d4 Nf6 2. c4 e6 3. Nf3 d5 4. Nc3 c6 5. cxd5 exd5 6. Bg5 Bf5 7. e3 Nbd7 8.
Bd3 Bxd3 9. Qxd3 Be7 10. Rb1 a5 11. a3 O-O 12. Bxf6 Nxf6 13. O-O Bd6 14. b4 Qe7
15. Rb3 axb4 16. axb4 Bxb4 17. Rfb1 Bxc3 18. Rxb7 Qxb7 19. Rxb7 Ra1+ 20. Rb1
Rfa8 21. Rf1 Rxf1+ 22. Kxf1 Ra1+ 23. Ke2 Ra2+ 24. Kf1 Ne4 25. h4 f6 26. Nh2 h5
27. Kg1 Be1 28. Nf1 Bxf2+ 29. Kh2 Bxh4 30. Qd1 g6 31. Qc1 f5 1/2-1/2

[Event "4. Copenhagen Open Politiken Cup"]
[Site "Brndby"]
[Date "1982.??.??"]
[Round "7"]
[White "Gulbrandsen, Arne Vinje"]
[Black "Velikov, Petar"]
[Result "1-0"]
[WhiteElo "2370"]
[BlackElo "2470"]
[PlyCount "32"]
[EventDate "1982.??.??"]
[EventType "swiss"]
[EventRounds "10"]
[EventCountry "DEN"]
[SourceDate "2004.01.01"]

1. d4 d5 2. c4 dxc4 3. Nf3 Nf6 4. e3 e6 5. Bxc4 a6 6. O-O c5 7. dxc5 Qxd1 8.
Rxd1 Bxc5 9. Nbd2 Nc6 10. a3 b5 11. Bd3 Bb7 12. b4 Be7 13. Bb2 O-O 14. Nb3 Rfd8
15. Rac1 Rd7 16. Bxf6 Rxd3 1-0

[Event "4. Copenhagen Open Politiken Cup"]
[Site "Brndby"]
[Date "1982.??.??"]
[Round "7"]
[White "Hansen, Curt"]
[Black "Taulbut, Shaun M"]
[Result "1-0"]
[WhiteElo "2335"]
[BlackElo "2435"]
[PlyCount "99"]
[EventDate "1982.??.??"]
[EventType "swiss"]
[EventRounds "10"]
[EventCountry "DEN"]
[SourceDate "2004.01.01"]

1. e4 e6 2. d4 d5 3. Nc3 Bb4 4. Nge2 dxe4 5. a3 Be7 6. Nxe4 Nf6 7. Qd3 Nbd7 8.
Bf4 Nxe4 9. Qxe4 Nf6 10. Qf3 Bd7 11. Be5 O-O 12. O-O-O b5 13. Nc3 b4 14. axb4
Bxb4 15. Ne4 Nd5 16. Bc4 f6 17. Bg3 f5 18. Nc5 c6 19. Nxd7 Qxd7 20. Be5 a5 21.
c3 Bd6 22. Rhe1 a4 23. Bxd6 Qxd6 24. Qg3 Qd7 25. Ba2 Rfe8 26. Re5 Rab8 27. Rd2
a3 28. b4 Rbd8 29. Qf3 Qe7 30. g3 Qg5 31. Kc2 Qg6 32. Rde2 Qh6 33. h4 Kh8 34.
Re1 Qg6 35. Kc1 Rb8 36. R1e2 Rbd8 37. Kc2 h6 38. Kc1 Rb8 39. Re1 Rbd8 40. R1e2
Rb8 41. Kd2 h5 42. Bb3 Ra8 43. Kc1 Qh6+ 44. Kb1 g6 45. Qd3 Qg7 46. Rxe6 Rxe6
47. Rxe6 a2+ 48. Ka1 Ra3 49. Bxd5 cxd5 50. Qe3 1-0

[Event "4. Copenhagen Open Politiken Cup"]
[Site "Brndby"]
[Date "1982.??.??"]
[Round "7"]
[White "Heinbuch, Detlef"]
[Black "Sahl, Bjarke"]
[Result "1-0"]
[WhiteElo "2300"]
[BlackElo "2380"]
[PlyCount "64"]
[EventDate "1982.??.??"]
[EventType "swiss"]
[EventRounds "10"]
[EventCountry "DEN"]
[SourceDate "2004.01.01"]

1. c4 c6 2. Nc3 d5 3. cxd5 cxd5 4. d4 Nf6 5. Nf3 e6 6. Bf4 Bd7 7. e3 Bc6 8. Be2
Be7 9. h3 Nbd7 10. O-O O-O 11. a3 a6 12. Ne5 Nxe5 13. Bxe5 Qb6 14. Qd2 Rfc8 15.
Rfc1 Qd8 16. Na2 Ne4 17. Qd1 Qd7 18. Bd3 Nd6 19. b3 Qd8 20. Nb4 Be8 21. Rxc8
Rxc8 22. Rc1 Nb5 23. Rxc8 Qxc8 24. Bxb5 Bxb5 25. Qd2 f6 26. Bg3 Be8 27. a4 Bg6
28. f3 Kf7 29. Nd3 Bxd3 30. Qxd3 Qc1+ 31. Kh2 g6 32. Bf2 Bf8 1-0

[Event "4. Copenhagen Open Politiken Cup"]
[Site "Brndby"]
[Date "1982.??.??"]
[Round "7"]
[White "Jacobsen, Bo"]
[Black "Bellin, Robert"]
[Result "1/2-1/2"]
[WhiteElo "2315"]
[BlackElo "2410"]
[PlyCount "89"]
[EventDate "1982.??.??"]
[EventType "swiss"]
[EventRounds "10"]
[EventCountry "DEN"]
[SourceDate "2004.01.01"]

1. c4 f5 2. g3 Nf6 3. Bg2 e6 4. Nf3 Be7 5. O-O O-O 6. d3 a5 7. Nc3 Nc6 8. e4
fxe4 9. dxe4 e5 10. Be3 Ng4 11. Bd2 Qe8 12. Nd5 Bd8 13. c5 Qh5 14. h3 Nf6 15.
Bg5 Kh8 16. Bxf6 gxf6 17. Nh4 Qxd1 18. Rfxd1 Nd4 19. Nf3 Nxf3+ 20. Bxf3 c6 21.
Ne3 b6 22. Bg4 Ra7 23. Rd2 bxc5 24. Rad1 Rf7 25. Nc4 Ba6 26. Nd6 Rf8 27. Be2
Bxe2 28. Rxe2 Be7 29. Nf5 Rf7 30. Nxe7 Rxe7 31. Rc2 Re8 32. Rxc5 Rb8 33. Rc2
Kg7 34. Rcd2 Rbb7 35. Kg2 Kf7 36. f4 Ke7 37. fxe5 fxe5 38. Rf1 Rb4 39. Rf5 Rxe4
40. Rh5 Rb7 41. Rxh7+ Ke6 42. Rh6+ Ke7 43. Rh7+ Ke6 44. Rh6+ Ke7 45. Rh7+
1/2-1/2

[Event "4. Copenhagen Open Politiken Cup"]
[Site "Brndby"]
[Date "1982.??.??"]
[Round "7"]
[White "Jahr, Ulrich"]
[Black "King, Daniel J"]
[Result "0-1"]
[WhiteElo "2240"]
[BlackElo "2365"]
[PlyCount "80"]
[EventDate "1982.??.??"]
[EventType "swiss"]
[EventRounds "10"]
[EventCountry "DEN"]
[SourceDate "2004.01.01"]

1. e4 c5 2. Nf3 Nc6 3. d4 cxd4 4. Nxd4 Nf6 5. Nc3 e5 6. Ndb5 d6 7. Bg5 a6 8.
Na3 b5 9. Bxf6 gxf6 10. Nd5 f5 11. exf5 Bxf5 12. Bd3 e4 13. Qe2 Nd4 14. Qe3 Bg7
15. Bxe4 O-O 16. O-O Re8 17. f3 b4 18. Nc4 Nxc2 19. Qf4 Bxe4 20. fxe4 Nxa1 21.
Nxd6 Rf8 22. Nf5 Qb8 23. Qg5 Qe5 24. Rxa1 a5 25. Rf1 Kh8 26. h4 Ra6 27. h5 Re6
28. Rf3 Rg8 29. Rg3 Qxg3 30. Qxg3 Bd4+ 31. Kf1 Rxg3 32. Nxg3 Bxb2 33. Ke2 f5
34. Kd3 fxe4+ 35. Nxe4 Re5 36. Nf4 a4 37. g4 b3 38. axb3 a3 39. Nc3 Bxc3 40.
Kxc3 Ra5 0-1

[Event "4. Copenhagen Open Politiken Cup"]
[Site "Brndby"]
[Date "1982.??.??"]
[Round "7"]
[White "Jensen, Allan Astrup"]
[Black "Kovacs, Laszlo"]
[Result "0-1"]
[WhiteElo "2245"]
[BlackElo "2340"]
[PlyCount "74"]
[EventDate "1982.??.??"]
[EventType "swiss"]
[EventRounds "10"]
[EventCountry "DEN"]
[SourceDate "2004.01.01"]

1. e4 e5 2. Nf3 Nc6 3. Bb5 a6 4. Ba4 Nf6 5. O-O Be7 6. Re1 b5 7. Bb3 O-O 8. d4
d6 9. c3 Bg4 10. Be3 exd4 11. cxd4 d5 12. e5 Ne4 13. h3 Bh5 14. Nbd2 Nxd2 15.
Bxd2 Nxd4 16. g4 Nxb3 17. Qxb3 Bg6 18. Ba5 Qd7 19. Rad1 c6 20. Nd4 f5 21. Bb4
Rac8 22. Nxc6 Rxc6 23. Rxd5 Qe6 24. Bxe7 Qxe7 25. e6 Kh8 26. Rd7 Qf6 27. e7 Re8
28. Qd5 fxg4 29. hxg4 Rc4 30. Rd8 Rxg4+ 31. Kf1 Rf4 32. Re2 Rc4 33. Re6 Rc1+
34. Kg2 Qf7 35. Qa8 Rc7 36. Qf3 Qxe6 37. Qf8+ Qg8 0-1

[Event "4. Copenhagen Open Politiken Cup"]
[Site "Brndby"]
[Date "1982.??.??"]
[Round "7"]
[White "Johansen, Darryl Keith"]
[Black "Horvath, Tamas"]
[Result "0-1"]
[WhiteElo "2275"]
[BlackElo "2400"]
[PlyCount "66"]
[EventDate "1982.??.??"]
[EventType "swiss"]
[EventRounds "10"]
[EventCountry "DEN"]
[SourceDate "2004.01.01"]

1. c4 Nf6 2. Nc3 e6 3. d4 Bb4 4. a3 Bxc3+ 5. bxc3 c5 6. f3 Nc6 7. e4 d6 8. Be3
b6 9. Bd3 O-O 10. Nh3 e5 11. d5 Bxh3 12. gxh3 Ne7 13. Qd2 Nh5 14. Bg5 f6 15.
Be3 Ng6 16. a4 Nhf4 17. Bc2 Nh4 18. O-O-O Nxh3 19. Rdf1 Qd7 20. Qe2 Rf7 21. Kd2
a5 22. Kc1 Kf8 23. Kb2 Ke8 24. Ka3 Kd8 25. Bd2 Kc7 26. Rb1 Kb7 27. Rb2 Ka7 28.
Rhb1 Rb8 29. Be3 g5 30. Bd2 h5 31. Bd1 Nf4 32. Qe3 Qh3 33. Be1 Nhg2 0-1

[Event "4. Copenhagen Open Politiken Cup"]
[Site "Brndby"]
[Date "1982.??.??"]
[Round "7"]
[White "Pliester, Leon"]
[Black "Hazai, Laszlo"]
[Result "0-1"]
[WhiteElo "2315"]
[BlackElo "2450"]
[PlyCount "60"]
[EventDate "1982.??.??"]
[EventType "swiss"]
[EventRounds "10"]
[EventCountry "DEN"]
[SourceDate "2004.01.01"]

1. d4 d6 2. e4 Nf6 3. f3 c5 4. Be3 cxd4 5. Qxd4 Nc6 6. Qd2 d5 7. exd5 Nxd5 8.
Bc5 e5 9. Bxf8 Rxf8 10. Nc3 Nxc3 11. Qxc3 Qh4+ 12. g3 Qb4 13. Ne2 Bf5 14. O-O-O
Rc8 15. g4 Be6 16. Qxb4 Nxb4 17. Nc3 Rd8 18. Re1 Nc6 19. Bb5 f6 20. f4 Kf7 21.
Rhf1 exf4 22. Rxf4 Rfe8 23. Na4 g5 24. Bxc6 bxc6 25. Rb4 Bxg4 26. Rf1 Be2 27.
Rb7+ Kg6 28. Re1 Bf3 29. Rf1 Re2 30. b4 Be4 0-1

[Event "4. Copenhagen Open Politiken Cup"]
[Site "Brndby"]
[Date "1982.??.??"]
[Round "7"]
[White "Portisch, Ferenc"]
[Black "Jakobsen, Ole"]
[Result "0-1"]
[WhiteElo "2410"]
[BlackElo "2410"]
[PlyCount "36"]
[EventDate "1982.??.??"]
[EventType "swiss"]
[EventRounds "10"]
[EventCountry "DEN"]
[SourceDate "2004.01.01"]

1. d4 Nf6 2. c4 e6 3. Nc3 Bb4 4. e3 O-O 5. Bd3 d5 6. Nf3 b6 7. O-O Bb7 8. Bd2
dxc4 9. Bxc4 c5 10. a3 Bxc3 11. Bxc3 Ne4 12. Be1 Nd7 13. Qe2 Ng5 14. Ne5 cxd4
15. exd4 Nxe5 16. dxe5 Nf3+ 17. Kh1 Qh4 18. h3 Qf4 0-1

[Event "4. Copenhagen Open Politiken Cup"]
[Site "Brndby"]
[Date "1982.??.??"]
[Round "7"]
[White "Rosenlund, Thorbjorn"]
[Black "Jensen, Vagn"]
[Result "1-0"]
[WhiteElo "2260"]
[BlackElo "2220"]
[PlyCount "39"]
[EventDate "1982.??.??"]
[EventType "swiss"]
[EventRounds "10"]
[EventCountry "DEN"]
[SourceDate "2004.01.01"]

1. d4 Nf6 2. Nf3 e6 3. c4 d5 4. Nc3 Be7 5. Bg5 O-O 6. e3 c6 7. Qc2 Nbd7 8. Rd1
Re8 9. a3 a5 10. Bd3 h6 11. Bh4 dxc4 12. Bxc4 b5 13. Bd3 Qb6 14. O-O Ba6 15.
Ne5 Rad8 16. Ne4 g5 17. Bg3 c5 18. Nxf6+ Nxf6 19. Bg6 Rf8 20. dxc5 1-0

[Event "4. Copenhagen Open Politiken Cup"]
[Site "Brndby"]
[Date "1982.??.??"]
[Round "7"]
[White "Schneider, Lars Ake"]
[Black "Laird, Craig"]
[Result "1-0"]
[WhiteElo "2435"]
[BlackElo "2340"]
[PlyCount "99"]
[EventDate "1982.??.??"]
[EventType "swiss"]
[EventRounds "10"]
[EventCountry "DEN"]
[SourceDate "2004.01.01"]

1. c4 c5 2. Nf3 Nc6 3. d4 cxd4 4. Nxd4 g6 5. Nc3 Bg7 6. e3 Nf6 7. Be2 O-O 8.
O-O Nxd4 9. Qxd4 e6 10. Qd6 Ne8 11. Qd3 a6 12. a4 b6 13. Bf3 Rb8 14. b3 f5 15.
Ra2 g5 16. e4 Qf6 17. Rc2 g4 18. Be2 h5 19. exf5 Qxf5 20. Qxf5 exf5 21. Bf4 d6
22. Nd5 Be5 23. Bd3 Bxf4 24. Nxf4 Nf6 25. Re1 Bd7 26. Rce2 Rbc8 27. Ng6 a5 28.
Ne7+ Kf7 29. Nxc8 Rxc8 30. Re7+ Kg6 31. f3 Rd8 32. fxg4 Nxg4 33. Rf1 Ne5 34.
Rxd7 Nxd7 35. Bxf5+ Kg5 36. Bxd7 Rxd7 37. Rd1 Kf4 38. Rd5 h4 39. Kf2 Kg4 40.
h3+ Kf4 41. Rh5 Ke4 42. Rxh4+ Kd3 43. Rf4 d5 44. Rf3+ Kc2 45. cxd5 Rxd5 46. g4
b5 47. axb5 Rxb5 48. h4 Rxb3 49. Rxb3 Kxb3 50. g5 1-0

[Event "4. Copenhagen Open Politiken Cup"]
[Site "Brndby"]
[Date "1982.??.??"]
[Round "7"]
[White "Sorensen, Henrik"]
[Black "Fries Nielsen, Jens Ove"]
[Result "1/2-1/2"]
[WhiteElo "2235"]
[BlackElo "2355"]
[PlyCount "49"]
[EventDate "1982.??.??"]
[EventType "swiss"]
[EventRounds "10"]
[EventCountry "DEN"]
[SourceDate "2004.01.01"]

1. d4 d6 2. c3 Nf6 3. Nf3 Nbd7 4. Bg5 e5 5. Nbd2 Be7 6. e4 O-O 7. Be2 h6 8. Bh4
exd4 9. Bxf6 Nxf6 10. cxd4 d5 11. e5 Ne4 12. O-O Bf5 13. Ne1 c6 14. Nb3 Qb6 15.
f3 Ng5 16. Bd3 Bxd3 17. Qxd3 Ne6 18. Kh1 a5 19. a4 f6 20. exf6 Bxf6 21. Nc2 Qa6
22. Qc3 Qc4 23. Rfe1 Rfe8 24. Rad1 Qxc3 25. bxc3 1/2-1/2

[Event "4. Copenhagen Open Politiken Cup"]
[Site "Brndby"]
[Date "1982.??.??"]
[Round "7"]
[White "Trepp, Markus"]
[Black "Sorensen, Bent"]
[Result "0-1"]
[WhiteElo "2210"]
[BlackElo "2305"]
[PlyCount "72"]
[EventDate "1982.??.??"]
[EventType "swiss"]
[EventRounds "10"]
[EventCountry "DEN"]
[SourceDate "2004.01.01"]

1. e4 e6 2. d4 d5 3. Nd2 c5 4. Ngf3 Nc6 5. Bb5 Nf6 6. exd5 Nxd5 7. O-O cxd4 8.
Nxd4 Qb6 9. Nc4 Qc7 10. Ne5 Bd6 11. Ndxc6 O-O 12. h3 bxc6 13. Bxc6 Rb8 14. Bxd5
Bxe5 15. Bb3 Ba6 16. Re1 Rfd8 17. Qg4 Rd4 18. Qg5 Rb5 19. Qe3 Bh2+ 20. Kh1 Re5
21. g3 Rxe3 22. Bxe3 Bxg3 23. Bxd4 Qf4 24. Be3 Qh4 25. Kg2 Bb7+ 26. Kf1 Bf3 27.
Red1 Qxh3+ 28. Ke1 Bh4 29. Kd2 Bxd1 30. Rxd1 h5 31. c4 Qf3 32. Rf1 Bd8 33. Bd1
Qg2 34. Be2 h4 35. f3 h3 36. Rg1 Qh2 0-1

[Event "4. Copenhagen Open Politiken Cup"]
[Site "Brndby"]
[Date "1982.??.??"]
[Round "7"]
[White "Wicker, Kevin J"]
[Black "Kraehenbuehl, Gerhard"]
[Result "1-0"]
[WhiteElo "2275"]
[BlackElo "2305"]
[PlyCount "115"]
[EventDate "1982.??.??"]
[EventType "swiss"]
[EventRounds "10"]
[EventCountry "DEN"]
[SourceDate "2004.01.01"]

1. d4 Nf6 2. c4 g6 3. Nc3 Bg7 4. e4 O-O 5. h3 d6 6. Be3 e5 7. d5 Na6 8. Bd3 Nh5
9. g3 Qe8 10. Be2 Nf6 11. g4 Nd7 12. a3 f5 13. f3 Qe7 14. h4 Nf6 15. Nh3 fxg4
16. fxg4 Nc5 17. Nf2 a5 18. g5 Nh5 19. Bxh5 gxh5 20. Bxc5 dxc5 21. Qxh5 Rf4 22.
Ne2 Rf7 23. Ng4 Bd7 24. Rg1 Be8 25. Nf6+ Rxf6 26. gxf6 Qxf6 27. Qg4 Kh8 28. Ng3
Bh6 29. Nf5 Bd7 30. Rd1 Bxf5 31. exf5 Rf8 32. Qe4 Bf4 33. Rg4 h5 34. Rg6 Qxh4+
35. Ke2 Qh2+ 36. Rg2 Qh3 37. d6 cxd6 38. Rxd6 Qb3 39. Kf1 b5 40. Qe2 Qxc4 41.
Qxc4 bxc4 42. f6 e4 43. Rd5 Rxf6 44. Rxh5+ Bh6+ 45. Ke1 Rd6 46. Rxc5 Bg7 47.
Rxc4 Rb6 48. Rc8+ Kh7 49. Rc7 Rg6 50. Rxg6 Kxg6 51. b4 axb4 52. axb4 Be5 53.
Rc6+ Kf7 54. b5 Ke7 55. b6 Kd7 56. Rc4 Bb8 57. b7 Bc7 58. Ke2 1-0

[Event "4. Copenhagen Open Politiken Cup"]
[Site "Brndby"]
[Date "1982.??.??"]
[Round "7"]
[White "Zieher, Hartmut"]
[Black "Van Mil, Johan"]
[Result "1-0"]
[WhiteElo "2260"]
[BlackElo "2315"]
[PlyCount "80"]
[EventDate "1982.??.??"]
[EventType "swiss"]
[EventRounds "10"]
[EventCountry "DEN"]
[SourceDate "2004.01.01"]

1. e4 c5 2. Nf3 d6 3. d4 cxd4 4. Nxd4 Nf6 5. Nc3 e6 6. Be3 Be7 7. f4 Nc6 8. Qf3
O-O 9. Nb3 a6 10. g4 Qc7 11. Bg2 Nb4 12. Qe2 b5 13. O-O Bb7 14. g5 Nd7 15. a3
Nc6 16. Qh5 g6 17. Qh6 Rfe8 18. Rf3 Bf8 19. Qh4 Nb6 20. Raf1 Nc4 21. Bc1 Qb6+
22. Kh1 Nd4 23. Rh3 Bg7 24. Nxd4 Bxd4 25. b3 Nxa3 26. Bxa3 b4 27. Na4 Qb5 28.
c4 bxc3 29. Qxh7+ Kf8 30. Bxd6+ Re7 31. Nxc3 Qc6 32. Bxe7+ Kxe7 33. f5 gxf5 34.
g6 Kd6 35. g7 Bxc3 36. g8=Q Rxg8 37. Qxg8 fxe4 38. Qd8+ Kc5 39. Rxc3+ Kb5 40.
Rxc6 Bxc6 1-0